Meest Verkochte Automerken in Europa - Statistieken

Algemene statistieken
  • Deze quiz is 513 keer genomen
  • De gemiddelde score is 13 van 20
Antwoordstatistieken
Hint Antwoord % Correct
1.346.999 Volkswagen
95%
674.654 BMW
89%
738.226 Mercedes
89%
600.470 Audi
88%
819.009 Renault
78%
741.498 Peugeot
77%
648.275 Toyota
75%
448.352 Citroën
71%
286.841 Volvo
70%
485.778 Opel/Vauxhall
66%
643.019 Skoda
66%
654.729 Ford
65%
492.101 Fiat
63%
424.805 Hyundai
58%
416.715 Kia
58%
370.928 Seat
47%
172.827 Mini
45%
290.343 Nissan
43%
405.472 Dacia
41%
149.418 Mazda
38%
Geen overeenkomende quizzen gevonden
Scoreverdeling
Procent van Mensen met Elke Score
Percentiel versus Aantal Correcte Antwoorden
Uw Scoregeschiedenis
U heeft deze quiz nog niet genomen